| 000 | 00531nam a2200169Ia 4500 | ||
|---|---|---|---|
| 003 | IN-BaIIA | ||
| 008 | 211028s9999 xx 000 0 eng d | ||
| 040 | _cIIA Library | ||
| 080 |
_a53(042.3) _bNOB-3 |
||
| 110 |
_aNobel Foundation _94468 |
||
| 245 | 0 |
_aNobel lectures in physics _bincluding presentation speeches and laureates' biographies : 1942-1962. _cNobel Foundation |
|
| 260 |
_aAmsterdam _bElsevier _c1964 |
||
| 300 | _axiii, 619p. | ||
| 650 | _aAstronomy and astrophysics thesaurus | ||
| 650 |
_aPhysics _973 |
||
| 942 | _cBK | ||
| 999 |
_c2501 _d2501 |
||